[Event "7th European Individual Senior Champion."]
[Site "Hockenheim, Germany"]
[Date "2007.06.09"]
[Round "8.66"]
[White "Diaz Begonte, Manuel"]
[Black "Alvarez Escudero, Manuel"]
[Result "1/2-1/2"]
[WhiteElo "1865"]
[BlackElo "1945"]
[PlyCount "86"]
[EventDate "2007.??.??"]

1. e4 e5 2. d4 d6 3. f4 exd4 4. Nf3 c5 5. Bc4 Nf6 6. Qd3 Nc6 7. O-O Be7 8. e5
Ng4 9. h3 d5 10. Bb5 Nh6 11. g4 Bxg4 12. hxg4 Nxg4 13. Qf5 Ne3 14. Bxe3 dxe3
15. Nc3 a6 16. Bxc6+ bxc6 17. e6 fxe6 18. Qxe6 Qd6 19. Qg4 Qg6 20. Qxg6+ hxg6
21. Ne5 Rb8 22. Na4 Rb4 23. b3 c4 24. c3 Rb7 25. bxc4 dxc4 26. Nxc4 Rb5 27.
Nxe3 Bc5 28. Nxc5 Rxc5 29. Rab1 Rh4 30. Ng2 Rg4 31. Rb3 Rd5 32. Re1+ Kf7 33.
Re2 g5 34. fxg5 Rdxg5 35. Rb6 Rc5 36. Rc2 Ra4 37. Ne3 Rg5+ 38. Kf2 Rf4+ 39. Ke2
Re5 40. c4 Rfe4 41. Rc3 Ra5 42. a3 Re6 43. c5 Ke7 1/2-1/2

[Event "7th European Individual Senior Champion."]
[Site "Hockenheim, Germany"]
[Date "2007.06.09"]
[Round "8.67"]
[White "Sevenyuk, Alexey"]
[Black "Kornath, Heinrich"]
[Result "1-0"]
[WhiteElo "1940"]
[BlackElo "1838"]
[PlyCount "65"]
[EventDate "2007.??.??"]

1. c4 Nf6 2. f4 g6 3. b3 Bg7 4. Bb2 O-O 5. Nf3 d6 6. g3 c5 7. Bg2 Nc6 8. O-O a6
9. d3 Rb8 10. h3 Bd7 11. g4 Qc7 12. Qe1 e5 13. fxe5 dxe5 14. Qg3 Rbe8 15. Nbd2
Qb8 16. Ng5 b6 17. Rf2 h6 18. Nge4 Nxe4 19. Bxe4 Nd4 20. e3 Ne6 21. h4 Re7 22.
Raf1 b5 23. Nf3 f6 24. Bxg6 Bc6 25. Nd2 Qd8 26. Ne4 Rc7 27. Bf5 Bd7 28. g5 hxg5
29. hxg5 Nxg5 30. Nxg5 Bxf5 31. Rxf5 Re8 32. Ne4 Qxd3 33. Nxf6+ 1-0

[Event "7th European Individual Senior Champion."]
[Site "Hockenheim, Germany"]
[Date "2007.06.09"]
[Round "8.68"]
[White "Gonzalo Gonzalez, Francisco"]
[Black "Ivanova, Marianna"]
[Result "1-0"]
[WhiteElo "1914"]
[BlackElo "1761"]
[PlyCount "60"]
[EventDate "2007.??.??"]

1. e4 c5 2. Nf3 d6 3. c3 g6 4. Bc4 Bg7 5. d4 cxd4 6. cxd4 Nc6 7. Nc3 Bg4 8.
Bxf7+ Kf8 9. h3 Bxf3 10. Qxf3 Nf6 11. Bb3 Nxd4 12. Qd3 Nxb3 13. axb3 Nd7 14.
O-O Nc5 15. Qc4 a6 16. b4 Nd7 17. f4 Rc8 18. Qb3 Qb6+ 19. Kh1 Ke8 20. Nd5 Qd4
21. Re1 e6 22. Ne3 Qxe4 23. Nc2 Qxc2 24. Qxe6+ Kd8 25. Qe7+ Kc7 26. Qxg7 Rhe8
27. Be3 Qb3 28. Rec1+ Kd8 29. Bf2 Rxc1+ 30. Rxc1 Qxb4 1-0

[Event "7th European Individual Senior Champion."]
[Site "Hockenheim, Germany"]
[Date "2007.06.09"]
[Round "8.69"]
[White "Roehrl, Bruno"]
[Black "Bartle, Georg"]
[Result "0-1"]
[WhiteElo "1911"]
[BlackElo "1724"]
[PlyCount "166"]
[EventDate "2007.??.??"]

1. d4 f5 2. g3 Nf6 3. Bg2 g6 4. Nf3 Bg7 5. O-O O-O 6. c4 d6 7. Nc3 Na6 8. Re1
c6 9. e4 e6 10. Bg5 Qc7 11. exf5 exf5 12. Rc1 Qf7 13. b3 h6 14. Bf4 Rd8 15. Rc2
g5 16. Bc1 Bd7 17. Ba3 Bf8 18. Bb2 Nh5 19. h3 Re8 20. d5 c5 21. a3 Rxe1+ 22.
Qxe1 b6 23. Bf1 Nc7 24. Bd3 a6 25. Re2 Re8 26. Nd1 Rxe2 27. Qxe2 Be7 28. Nh2
Ne8 29. Ne3 Bf8 30. Qc2 Nhg7 31. Kg2 h5 32. f3 f4 33. Bg6 Qe7 34. Nef1 Bc8 35.
g4 h4 36. Bh7+ Kh8 37. Bg6 Bd7 38. Qd3 a5 39. a4 Qe1 40. Bc3 Qe7 41. Nd2 Nf6
42. Nhf1 Kg8 43. Ne4 Nxe4 44. Bxe4 Ne8 45. Nd2 Bg7 46. Kf2 Bxc3 47. Qxc3 Nf6
48. Bc2 Bc8 49. Nb1 Bd7 50. Na3 Be8 51. Bf5 Kg7 52. Bc8 Kg8 53. Be6+ Kg7 54.
Qe1 Kf8 55. Qc3 Kg7 56. Qd2 Kf8 57. Nb1 Bg6 58. Nc3 Be8 59. Qd3 Kg7 60. Nd1 Bg6
61. Bf5 Be8 62. Qe2 Qd8 63. Nc3 Bf7 64. Ke1 Kh6 65. Kd2 Qf8 66. Nb5 Ne8 67. Be6
Bg6 68. Bd7 Nf6 69. Qe6 Qg7 70. Qxd6 Nxd7 71. Qe6 Qb2+ 72. Ke1 Nf6 73. d6 Qc1+
74. Ke2 Qe3+ 75. Qxe3 fxe3 76. Kxe3 Bc2 77. f4 Bxb3 78. fxg5+ Kxg5 79. Nc3 Bxc4
80. Ne4+ Kg6 81. g5 Nd7 82. Kf4 Bb3 83. Kg4 Bxa4 0-1

[Event "7th European Individual Senior Champion."]
[Site "Hockenheim, Germany"]
[Date "2007.06.09"]
[Round "8.70"]
[White "Wanner, Georges"]
[Black "Schuler, Georg"]
[Result "0-1"]
[WhiteElo "1770"]
[BlackElo "1992"]
[PlyCount "111"]
[EventDate "2007.??.??"]

1. e4 c5 2. Nf3 e6 3. d4 cxd4 4. Nxd4 a6 5. Nc3 Qc7 6. Be3 Nf6 7. Bd3 Bd6 8. h3
Nc6 9. Nxc6 bxc6 10. O-O Rb8 11. Rb1 Be5 12. Na4 Bf4 13. Qf3 Be5 14. b3 O-O 15.
Qe2 Bd6 16. f4 e5 17. f5 Ba3 18. g4 d5 19. g5 Nxe4 20. Bxe4 dxe4 21. Qh5 Bxf5
22. Rxf5 g6 23. Qg4 gxf5 24. Qxf5 Qc8 25. Qxc8 Rfxc8 26. Nb6 Rd8 27. Nc4 Bb4
28. Nxe5 Bd2 29. Bf2 Rbc8 30. h4 Bf4 31. Nc4 Kg7 32. Re1 Re8 33. Be3 Bxe3+ 34.
Rxe3 Re6 35. Kf2 Kg6 36. Kg3 Rf8 37. b4 f5 38. Kf4 h6 39. h5+ Kg7 40. g6 Ref6
41. a4 Rd8 42. c3 Rd1 43. Ke5 f4 44. Nd6 Rfxd6 45. Kxf4 Rf1+ 46. Kxe4 Re6+ 47.
Kd3 Rxe3+ 48. Kxe3 Rf5 49. Kd4 Rxh5 50. c4 Kxg6 51. b5 axb5 52. axb5 cxb5 53.
c5 Rh1 54. c6 Rc1 55. Kd5 Rxc6 56. Kxc6 0-1

[Event "7th European Individual Senior Champion."]
[Site "Hockenheim, Germany"]
[Date "2007.06.09"]
[Round "8.71"]
[White "Rieger, Helmut"]
[Black "Haug, Kjell"]
[Result "1/2-1/2"]
[WhiteElo "1660"]
[BlackElo "1967"]
[PlyCount "91"]
[EventDate "2007.??.??"]

1. c4 g6 2. Nc3 Bg7 3. e4 c5 4. Nge2 Nc6 5. d3 Nf6 6. g3 d6 7. Bg2 O-O 8. O-O
Bd7 9. h3 Qc8 10. Kh2 e5 11. Be3 Nd4 12. Re1 b5 13. Nd5 Re8 14. Rc1 bxc4 15.
dxc4 Nxd5 16. cxd5 f5 17. b4 Bb5 18. bxc5 Bxe2 19. Rxe2 Nxe2 20. Qxe2 dxc5 21.
Rxc5 Qd7 22. Qc4 Kh8 23. Rc7 Rec8 24. Rc6 Rxc6 25. Qxc6 Qxc6 26. dxc6 Rc8 27.
exf5 gxf5 28. Bd5 a6 29. Bb6 Bf8 30. c7 Bd6 31. Be6 Bxc7 32. Bxc8 Bxb6 33. Kg2
a5 34. Bxf5 Kg7 35. f3 a4 36. h4 a3 37. h5 Bd4 38. g4 h6 39. Kf1 Kf6 40. Ke2
Kg5 41. Kd3 Bb2 42. Ke4 Bd4 43. f4+ Kf6 44. fxe5+ Bxe5 45. Kd5 Bb2 46. Kd6
1/2-1/2

[Event "7th European Individual Senior Champion."]
[Site "Hockenheim, Germany"]
[Date "2007.06.09"]
[Round "8.72"]
[White "Lapitskaya, Galina"]
[Black "Frantzke, Helmut"]
[Result "0-1"]
[WhiteElo "1401"]
[BlackElo "1955"]
[PlyCount "42"]
[EventDate "2007.??.??"]

1. c4 g6 2. d4 Bg7 3. e3 c5 4. Ne2 Nc6 5. g3 Qb6 6. Nbc3 cxd4 7. exd4 Nxd4 8.
Bg2 Nxe2 9. Qxe2 Nf6 10. Be3 Qb4 11. O-O O-O 12. a3 Qa5 13. Bd4 Re8 14. c5 d6
15. b4 Qd8 16. c6 d5 17. Be3 e5 18. c7 Qxc7 19. Nb5 Qd7 20. Rac1 d4 21. Bg5 d3
0-1

[Event "7th European Individual Senior Champion."]
[Site "Hockenheim, Germany"]
[Date "2007.06.09"]
[Round "8.73"]
[White "Bofinger, Juergen"]
[Black "Schwichtenberg, Juergen"]
[Result "1-0"]
[WhiteElo "1948"]
[BlackElo "1911"]
[PlyCount "102"]
[EventDate "2007.??.??"]

1. d4 Nf6 2. c4 e5 3. dxe5 Ne4 4. Nf3 Nc6 5. Qc2 Bb4+ 6. Bd2 Nxd2 7. Nbxd2 O-O
8. e3 Re8 9. O-O-O Bxd2+ 10. Rxd2 Nxe5 11. Nxe5 Rxe5 12. Bd3 g6 13. h4 d6 14.
h5 Qf6 15. hxg6 fxg6 16. g3 Bg4 17. Rh4 Be6 18. Rd1 Rf8 19. Rh2 b5 20. Rdh1 Rf7
21. Rh6 Rg5 22. f4 Rg4 23. Qh2 Qe7 24. Be2 Bf5 25. Bxg4 Qxe3+ 26. Qd2 Qxd2+ 27.
Kxd2 Bxg4 28. R6h4 Bd7 29. cxb5 Bxb5 30. Re1 a5 31. Rh2 a4 32. Kc3 c6 33. Re6
Rd7 34. Rd2 d5 35. Rd1 Kf7 36. Rde1 c5 37. b3 d4+ 38. Kd2 c4 39. Rb6 c3+ 40.
Kc2 axb3+ 41. axb3 Rd5 42. Re5 Rxe5 43. fxe5 Be2 44. Rd6 d3+ 45. Kxc3 h5 46.
Kd2 g5 47. b4 h4 48. gxh4 g4 49. Rxd3 Bxd3 50. Kxd3 Ke6 51. Ke4 g3 1-0

[Event "7th European Individual Senior Champion."]
[Site "Hockenheim, Germany"]
[Date "2007.06.09"]
[Round "8.74"]
[White "Zakharova, Lidiya"]
[Black "Schaefer, Gustav"]
[Result "1/2-1/2"]
[WhiteElo "1938"]
[BlackElo "1844"]
[PlyCount "37"]
[EventDate "2007.??.??"]

1. d4 Nf6 2. c4 g6 3. Nf3 Bg7 4. Nc3 O-O 5. e4 d6 6. Be2 e5 7. d5 Nbd7 8. Qc2
Kh8 9. O-O a5 10. a4 Ng8 11. Bg5 Ndf6 12. h3 h6 13. Be3 Nh5 14. Rad1 f5 15. g4
Nf4 16. Bxf4 exf4 17. exf5 gxf5 18. Nd4 Qg5 19. Nf3 1/2-1/2

[Event "7th European Individual Senior Champion."]
[Site "Hockenheim, Germany"]
[Date "2007.06.09"]
[Round "8.75"]
[White "Zachariassen, John"]
[Black "Ovesen, Karsten"]
[Result "1-0"]
[WhiteElo "1933"]
[BlackElo "1428"]
[PlyCount "39"]
[EventDate "2007.??.??"]

1. c4 c6 2. g3 Nf6 3. Bg2 d5 4. cxd5 cxd5 5. Nf3 Bf5 6. d3 Nbd7 7. O-O e6 8.
Nc3 Be7 9. b3 O-O 10. Nh4 Bg4 11. h3 Bh5 12. g4 Nxg4 13. hxg4 Bxh4 14. gxh5 Ne5
15. e4 Rc8 16. d4 Rxc3 17. dxe5 b6 18. Qg4 Be7 19. exd5 Bc5 20. Bh6 1-0

[Event "7th European Individual Senior Champion."]
[Site "Hockenheim, Germany"]
[Date "2007.06.09"]
[Round "8.77"]
[White "Wibe, Per H"]
[Black "Werner, Alfons"]
[Result "1/2-1/2"]
[WhiteElo "1808"]
[BlackElo "1743"]
[PlyCount "98"]
[EventDate "2007.??.??"]

1. e4 c6 2. d4 d5 3. exd5 cxd5 4. Bd3 Nf6 5. Nf3 Nc6 6. c3 e6 7. Bg5 Be7 8.
Nbd2 a6 9. Nf1 h6 10. Bf4 b5 11. a3 Bb7 12. b4 Bd6 13. Bxd6 Qxd6 14. Ng3 O-O
15. O-O e5 16. Nf5 Qc7 17. Nxe5 Nxe5 18. dxe5 Qxe5 19. f4 Qe6 20. Qf3 Ne4 21.
Qh5 Kh8 22. Rf3 Qg6 23. Qxg6 fxg6 24. Nd4 Rf6 25. Bxe4 dxe4 26. Rff1 Bd5 27. f5
Rc8 28. Rac1 Kg8 29. fxg6 Rxg6 30. Rf5 Bc4 31. g3 Bd3 32. Rf4 Rc7 33. Nb3 Bc4
34. Nc5 e3 35. Re1 e2 36. Rxc4 bxc4 37. Rxe2 a5 38. Re4 axb4 39. axb4 Rd6 40.
Rxc4 Rd2 41. Rf4 Ra7 42. Rf2 Rxf2 43. Kxf2 Ra2+ 44. Ke3 Rxh2 45. Kd4 Kf7 46.
Kd5 Ke7 47. b5 Rb2 48. Kc6 h5 49. b6 g5 1/2-1/2

[Event "7th European Individual Senior Champion."]
[Site "Hockenheim, Germany"]
[Date "2007.06.09"]
[Round "8.78"]
[White "Thonig, Manfred"]
[Black "Pfister, Valentina-Rodina"]
[Result "1-0"]
[WhiteElo "1755"]
[BlackElo "1566"]
[PlyCount "41"]
[EventDate "2007.??.??"]

1. d4 e6 2. f4 Nf6 3. Nf3 c5 4. e3 Nc6 5. c3 d5 6. Bb5 Bd7 7. O-O Be7 8. a4 O-O
9. Bxc6 Bxc6 10. Ne5 cxd4 11. exd4 a5 12. Nd2 Qd6 13. b3 Nd7 14. Ba3 Qc7 15.
Bxe7 Rfe8 16. Ba3 Nxe5 17. fxe5 b6 18. Qg4 Ra7 19. Nf3 Rc8 20. Ng5 Be8 21. Nxe6
1-0

[Event "7th European Individual Senior Champion."]
[Site "Hockenheim, Germany"]
[Date "2007.06.09"]
[Round "8.79"]
[White "Yusym, Anatoly"]
[Black "Luebbers, Doris Dr"]
[Result "1-0"]
[WhiteElo "1759"]
[BlackElo "1668"]
[PlyCount "91"]
[EventDate "2007.??.??"]

1. Nf3 d5 2. d3 Nf6 3. g3 Nbd7 4. Bg2 h6 5. Nbd2 e5 6. O-O Bd6 7. e4 c6 8. Nh4
O-O 9. c3 Bc7 10. Qe2 Re8 11. Nf5 Nf8 12. Ne3 Be6 13. Kh1 Ng6 14. h4 Qd7 15. h5
Nf8 16. Kh2 Ng4+ 17. Nxg4 Bxg4 18. Bf3 Bxf3 19. Qxf3 Nh7 20. Nb3 b6 21. Kg2 Bd8
22. Rh1 Bg5 23. Be3 Bxe3 24. Qxe3 Ng5 25. Rh4 Rf8 26. f4 exf4 27. gxf4 Nh7 28.
Nd4 Rae8 29. e5 c5 30. Nf3 Re7 31. Rg1 Kh8 32. Kf2 Rg8 33. Qd2 Nf8 34. f5 Qxf5
35. Rhg4 Qh7 36. Qf4 Ne6 37. Qe3 Rc7 38. Qd2 Rd7 39. Ke2 Qf5 40. R1g2 Qh7 41.
Nh4 d4 42. c4 Rdd8 43. Ng6+ fxg6 44. hxg6 Qxg6 45. Rxg6 Ng5 46. Qxg5 1-0